| 000 | 00397 a2200109 4500 | ||
|---|---|---|---|
| 020 | _a0131915940 | ||
| 082 | _a519.40285 HAN | ||
| 100 | _aHanselman, Duane C. | ||
| 245 |
_aMastering MATLAB : _ba comprehensive tutorial and reference _cDuane Hanselman, Bruce Littlefield. |
||
| 260 |
_aUpper Saddle River, N.J. : _bPrentice Hall, _cc1996. |
||
| 300 |
_axii, 542 p. : _bill. ; _c24 cm. |
||
| 650 |
_aNumerical analysis _xData processing. |
||
| 999 |
_c546 _d546 |
||